000 00826cam a22002777a 4500
003 CHAP
005 20220329134520.0
008 971013s1957 r 00010 d
010 _a21472
011 _a22444
035 _a26539
040 _cCHAP
082 _a333.0973
_bC52
100 0 0 _aClawson, Marion.
_923735
245 1 4 _aThe federal lands
_b: their use and management
260 _aBaltimore :
_bJohns Hopkins,
_c1957
300 _a501 p.
_b: ilus. ; láms.
590 _aBATCH-UPD
_b10
_c20130110
_lUCH01
_h1431
590 _aCONVERSION
_b10
_c20130109
_lUCH01
_h1313
650 1 4 _aTierras
_xAprovechamiento.
_9113069
700 0 _aHeld, R. Burnell
_ecoaut.
_953410
790 _aResources for the future
901 _aBK
942 _cLIBRO
949 _a333.0973 C52
_bBC
_cLIBRO
_d-61164
_eLIBRO
_h28385
_i26539
_mD
_si
999 _c21472
_d21472